La Casa de Moneda de Santiago de Chile: 1743-1943
Guardat en:
| Autor corporatiu: | |
|---|---|
| Format: | Llibre |
| Idioma: | espanyol |
| Publicat: |
Santiago
Casa de Moneda
1945
|
| Edició: | 1a. ed |
| Matèries: | |
| Etiquetes: |
Afegir etiqueta
Sense etiquetes, Sigues el primer a etiquetar aquest registre!
|
MARC
| LEADER | 00000nam a2200000 a 4500 | ||
|---|---|---|---|
| 001 | UCJ4412 | ||
| 003 | CL-VaPUC | ||
| 008 | 070124e19450000CL |||||||||||||||||spa|d | ||
| 082 | 0 | 4 | |a 737 |b SUP |2 21 |
| 110 | 2 | |a Superintendencia de la Casa de Moneda de Chile |e author |9 508041 | |
| 245 | 1 | 3 | |a La Casa de Moneda de Santiago de Chile: 1743-1943 |
| 250 | |a 1a. ed | ||
| 300 | |a 244 p | ||
| 942 | |c BK | ||
| 945 | |d 20070124 00:00:00 |a rinostro | ||
| 260 | |a Santiago |b Casa de Moneda |c 1945 | ||
| 500 | |a Folio, media pasta tafilete.- Front.: 600 ejemplares impresos en papel Vergé de la fábrica Office Français des Papiers Fiduciaires. 26.- Portada a dos tintas.- v. en b.- Apostillado.- Ejemplar número 26 de una tirada de 600.- Don Eduardo B. Budge figura entre los que colaboraron en la preparación del Catálogo que complementa la obra; en h. prel. se encuentra adherida la tarjeta con la que el Superintendente de la Casa de Moneda, Don Joaquín Marcó, le remite este libro el 16 de octubre de 1945.-Front., retratos del Rey Felipe Quinto, bajo cuyo reinado se dictó la Real Cédula autorizando la fundación de una Casa de Moneda en Chile; idem, retrato de Don Francisco García Huidobro a cuyo esfuerzo, mediación y trabajos se debe el establecimiento de una Casa de Moneda en Chile, medida a la que se oponía tenazmente el Virreinato de Lima.- Al final se adjunta un plano de la Casa de Moneda actual.- Iconografía, ilustraciones y reproducciones de monedas chilenas, sin indizar | ||
| 600 | 0 | 7 | |a CASA DE MONEDA |2 CL-VaPUC |9 466137 |
| 600 | 0 | 7 | |a PHILIP, JAMES W |2 CL-VaPUC |9 508042 |
| 600 | 0 | 7 | |a RAMIREZ, PABLO |2 CL-VaPUC |9 508043 |
| 600 | 0 | 7 | |a TORO HERRERA, DOMINGO DE |2 CL-VaPUC |9 444843 |
| 600 | 0 | 7 | |a FELIPE QUINTO DE ESPAÑA |2 CL-VaPUC |9 508044 |
| 600 | 0 | 7 | |a GARCIA HUIDOBRO, FRANCISCO |2 CL-VaPUC |9 357916 |
| 600 | 0 | 7 | |a TORO Y ZAMBRANO, MATEO DE |2 CL-VaPUC |9 443671 |
| 600 | 0 | 7 | |a ADRIAZOLA, ADOLFO |2 CL-VaPUC |9 508045 |
| 600 | 0 | 7 | |a ORDOÑEZ, RAFAEL |2 CL-VaPUC |9 508046 |
| 600 | 0 | 7 | |a SIMON, RAUL |2 CL-VaPUC |9 505136 |
| 600 | 0 | 7 | |a ARTEAGA, RAUL |2 CL-VaPUC |9 508047 |
| 600 | 0 | 7 | |a BUDGE BARNARD, EDUARDO B |2 CL-VaPUC |9 505135 |
| 600 | 0 | 7 | |a GONZALEZ, OSCAR |2 CL-VaPUC |9 508048 |
| 600 | 0 | 7 | |a MARCO, JOAQUIN |2 CL-VaPUC |9 508049 |
| 600 | 0 | |a Portales y Palazuelos, Diego, |d 1793-1837 |9 255516 | |
| 600 | 0 | 7 | |a RENGIFO, MANUEL |2 CL-VaPUC |9 328821 |
| 600 | 0 | |a Ibáñez del Campo, Carlos |9 308285 | |
| 600 | 0 | |a Alessandri Palma, Arturo |9 268143 | |
| 600 | 0 | 7 | |a RIOS MORALES, JUAN ANTONIO |2 CL-VaPUC |9 506565 |
| 600 | 0 | |a Aguirre Cerda, Pedro |c Presidente |z Chile |y 1938-1941 |9 308282 | |
| 650 | 0 | |a Numismática |9 318332 | |
| 650 | 0 | |a Moneda |9 342365 | |
| 650 | 7 | |a CECAS |2 CL-VaPUC |9 508050 | |
| 650 | 7 | |a TROQUELES |2 CL-VaPUC |9 508051 | |
| 650 | 7 | |a SELLOS POSTALES |2 CL-VaPUC |9 508034 | |
| 650 | 7 | |a MONEDAS OBSIDIONALES |2 CL-VaPUC |9 504402 | |
| 650 | 0 | |a Presidentes de Chile |9 268293 | |
| 650 | 7 | |a MEDALLAS |2 CL-VaPUC |9 508052 | |
| 650 | 0 | |a Iconografía |9 267998 | |
| 650 | 0 | |a Ilustraciones |9 369481 | |
| 650 | 0 | |a Grabados |9 310822 | |
| 650 | 0 | |a Funcionarios públicos |9 405107 | |
| 650 | 0 | |a Fuentes Históricas |9 265141 | |
| 650 | 7 | |a PLANOS |2 CL-VaPUC |9 260106 | |
| 651 | 7 | |a CHILE |2 CL-VaPUC |9 508053 | |
| 651 | 0 | |a Paraguay |9 255336 | |
| 583 | |a last modification |c 20070124 00:00:00 |k Rodrigo Vera | ||
| 999 | |c 320528 |d 320526 | ||
| 952 | |0 0 |1 0 |4 0 |6 737_000000000000000_SUP_1945 |7 0 |8 X |9 399069 |a FDOBUD |b FDOBUD |d 2019-11-22 |i 1018108 |o 737 SUP 1945 |p 1018108 |r 2019-11-22 |w 2019-11-22 |y BK_X |k BUD | ||